000 004890000a22001690004500
020 _a0-311-13827
041 0 _aSPA
082 0 4 _aG 253 S6779c
245 1 0 _aCon Cristo en la ciudad : Indicaciones sobre el evangelismo urbano / Joao Dalcoao Sobrinho, [et...all]
260 _a[S.L] : Casa Bautista de Publicaciones
300 _a119 Pag
001 6307
942 _cBK
999 _c36580
_d36580
336 _atexto
_btxt
_2rdacontent
337 _2rdamedia
_asin mediación
_bn
338 _2rdacarrier
_avolumen
_bnc